Library Banner

Nuqta e nazar ( 21) (Oct - 2006 to March - 2007) (urdu)/ (Record no. 103551)

MARC details
000 -LEADER
fixed length control field 00448nam a22001457a 4500
005 - DATE AND TIME OF LATEST TRANSACTION
control field 20180221101044.0
008 - FIXED-LENGTH DATA ELEMENTS--GENERAL INFORMATION
fixed length control field 180221b xxu||||| |||| 00| 0 eng d
040 ## - CATALOGING SOURCE
Transcribing agency PK-LaUMT
082 ## - DEWEY DECIMAL CLASSIFICATION NUMBER
Classification number PKAC 016
Item number SAF-N
100 ## - MAIN ENTRY--PERSONAL NAME
Personal name Safeer Akhter
245 ## - TITLE STATEMENT
Title Nuqta e nazar ( 21) (Oct - 2006 to March - 2007) (urdu)/
Statement of responsibility, etc Safeer Akhter
260 ## - PUBLICATION, DISTRIBUTION, ETC. (IMPRINT)
Place of publication, distribution, etc اسلام آباد:
Name of publisher, distributor, etc انسٹی ٹیوٹ آف پالیسی اسٹڈیز
Date of publication, distribution, etc 2007
300 ## - PHYSICAL DESCRIPTION
Extent 191
942 ## - ADDED ENTRY ELEMENTS (KOHA)
Koha item type Books
Holdings
Withdrawn status Lost status Damaged status Home library Current library Date acquired Full call number Barcode Date last seen Price effective from Koha item type
      UMT Main Campus UMT Main Campus 2018-02-21 PKAC 016 SAF-N 118635 2018-02-21 2018-02-21 Books